Music Quiz

Random Music or Famous Quiz

Alliterative Musicians Quiz Stats

 Plays Quiz Updated Oct 1, 2018

Score 0/54 Timer 08:00
3 Plays Today
Famous Song Band or Artist % Correct
KokomoThe Beach Boys
76.3%
(You Gotta) Fight For Your Right (To Party!)Beastie Boys
72.7%
I Want It That WayBackstreet Boys
71.8%
Hungry Like the WolfDuran Duran
65%
I Love Rock 'n RollJoan Jett
62.5%
What's Love Got to Do With ItTina Turner
60.5%
I Will SurviveGloria Gaynor
59.5%
Crazy TrainOzzy Osbourne
59.4%
Me and Bobby McGeeJanis Joplin
54.9%
Mr. JonesCounting Crows
54.3%
Best of YouFoo Fighters
50.7%
Do You Really Want to Hurt MeCulture Club
50.5%
Take Me OutFranz Ferdinand
49.5%
Bleeding LoveLeona Lewis
48.6%
That's Not My NameThe Ting Tings
44.6%
Nuthin' But a 'G' ThangDr. Dre
43.6%
Our Lips Are SealedGo-Go's
43.3%
Float OnModest Mouse
43.2%
My PrerogativeBobby Brown
42.4%
We Are FamilySister Sledge
39.1%
100 YearsFive For Fighting
38.9%
Coal Miner's DaughterLoretta Lynn
36.1%
That's the Way Love GoesJanet Jackson
35.2%
867-5309/JennyTommy Tutone
34.8%
La BambaLos Lobos
32.8%
JumpKris Kross
31.4%
ZeroYeah Yeah Yeahs
31.1%
Famous Song Band or Artist % Correct
The Dope ShowMarilyn Manson
29.2%
Stay (I Missed You)Lisa Loeb
24.1%
Potential Breakup SongAly & AJ
23.8%
BubblyColbie Caillat
21.9%
The Diary of JaneBreaking Benjamin
21.4%
I Don't Feel Like DancinScissor Sisters
21.2%
CandyMandy Moore
20.9%
(I Just) Died In Your ArmsCutting Crew
20.4%
Is She Really Going Out With Him?Joe Jackson
19.4%
Upside DownJack Johnson
19%
This One's For the GirlsMartina McBride
17.1%
The Boss (featuring T-Pain)Rick Ross
16.3%
Freek-a-LeekPetey Pablo
15.6%
The AdventureAngels & Airwaves
15.6%
Right Here, Right NowJesus Jones
15.3%
CaliforniaPhantom Planet
14.9%
Here's a Quarter (Call Someone Who Cares)Travis Tritt
13.5%
Car WashRose Royce
13.3%
Delta DawnTanya Tucker
12%
Confessions of a Broken HeartLindsay Lohan
10.8%
Goodnight GoodnightHot Hot Heat
10.8%
Cowboy ManLyle Lovett
10.1%
Let Your Love FlowBellamy Brothers
9%
Through GlassStone Sour
8.8%
Perhaps, Perhaps, PerhapsDoris Day
5.7%
StayShakespears Sister
4%
Dying Is FineRa Ra Riot
2.1%

You're not logged in!

Compare scores with friends on all Sporcle quizzes.
OR
Log In

Sporcle TV

Today on Sporcle TV


Watch our educational content, quiz creation guides, and fun videos on Sporcle TV.

Show Comments

Extras

Top Quizzes Today


Score Distribution

Your Account Isn't Verified!

In order to create a playlist on Sporcle, you need to verify the email address you used during registration. Go to your Sporcle Settings to finish the process.

Report this User

Report this user for behavior that violates our Community Guidelines.

Details: